Sociálno-etické aspekty finančnej krízy - racionalita alebo iracionalita?

Na minha lista:
Detalhes bibliográficos
Autor principal: Markovič, Peter, 1974-
Formato: Capítulo de Livro
Idioma:eslovaco
Assuntos:
Tags: Adicionar Tag
Sem tags, seja o primeiro a adicionar uma tag!

MARC

LEADER 00000nla a2200000 4500
001 0168552
005 20240521104227.9
041 0 |a slo 
044 |a SK 
245 1 0 |a Sociálno-etické aspekty finančnej krízy - racionalita alebo iracionalita?  |c Peter Markovič 
500 |a Abstrakt 
610 2 0 |a kríza finančná 
610 2 0 |a trh finančný 
610 2 0 |a racionalita ekonomická 
610 2 0 |a racionalita etická 
610 2 0 |a morálka 
610 2 0 |a paradoxy 
100 1 |a Markovič, Peter, 1974-